01835nam a22004097a 4500003000500000005001700005008004100022010000900063011000900072035000900081040000900090082001400099100002900113245011300142260013200255300002200387500008800409590004100497590004100538590004100579590004100620590004100661590004200702650005200744650002000796650004500816650004400861650005400905650004600959901000701005942001001012949005901022949006301081999001501144952013201159952013401291CHAP20220329133118.0971013s1993 r 00010 d a2277 a3249 a2449 cCHAP a631.7bL600aLoyer, Jean Yves.968698 aEstudio de los factores que influencian los escurrimientos y el uso del agua en la Región Hidrológica 36 aCd. Lerdo, Dgo. :bINIFAP. Centro Nacional de Investigación Disciplinaria en Relación Agua Suelo Planta Atómosfera,c1993 a367 p.e+ 2 mapas aProyecto Manejo y Uso del Agua en las Cuencas Hidrográficas del Norte de México aBATCH-UPDb10c20130110lUCH01h0056 aBATCH-UPDb10c20130110lUCH01h1418 aBATCH-UPDb10c20130409lUCH01h2045 aBATCH-UPDb10c20130410lUCH01h0901 aBATCH-UPDb10c20130913lUCH01h2234 aCONVERSIONb10c20130109lUCH01h130214aAguaxAprovechamientoxRegiones áridas.9230214aCuencas.93008514aRecursos hidráulicosxCoahuila.99509914aRecursos hidráulicosxDurango.99510214aRecursos hidráulicosxRegiones áridas.99512114aRecursos hidráulicosxZacatecas.995131 aBK cLIBRO a631.7 L6bBCcCONGd-101181eCONGfc.2h87936i2449si a631.7 L6bBCcLIBROd33724000167342eLIBROh87935i2449si c2277d2277 00102ddc4051708CONGaBCbBCcPA_CONGd2019-12-31fLIBROl0o631.7 L6p-101181r2019-12-31 00:00:00tc.2w2019-12-31yLIBRO 00102ddc4052708GRALaBCbBCcPP_GRALd2019-12-31fLIBROl0o631.7 L6p33724000167342r2019-12-31 00:00:00w2019-12-31yLIBRO